Detalles MARC
| 000 -LEADER |
| campo de control de longitud fija |
03206nam a2200361 i 4500 |
| 003 - IDENTIFICADOR DE NÚMERO DE CONTROL |
| campo de control |
peliumch |
| 005 - FECHA Y HORA DE LA ÚLTIMA TRANSACCIÓN |
| campo de control |
20260124160726.0 |
| 007 - CAMPO FIJO DE DESCRIPCIÓN FÍSICA--INFORMACIÓN GENERAL |
| campo de control de longitud fija |
ta |
| 008 - DATOS DE LONGITUD FIJA--INFORMACIÓN GENERAL |
| campo de control de longitud fija |
260124t2015 dr ||||gr|||| 00| 0 spa d |
| 020 ## - NÚMERO INTERNACIONAL ESTÁNDAR DEL LIBRO |
| Número Internacional Estándar del Libro |
9788490232279 |
| 040 ## - FUENTE DE CATALOGACIÓN |
| Centro catalogador/agencia de origen |
UMCH |
| Lengua de catalogación |
spa |
| Centro/agencia transcriptor |
UMCH |
| Centro/agencia modificador |
jmr |
| Normas de descripción |
rda |
| 041 0# - CÓDIGO DE IDIOMA |
| Código de lengua del texto/banda sonora o título independiente |
spa |
| 043 ## - CÓDIGO DE ÁREA GEOGRÁFICA |
| Código de área geográfica |
s-pe--- |
| 082 04 - NÚMERO DE LA CLASIFICACIÓN DECIMAL DEWEY |
| Número de clasificación |
371.27/N677a |
| 100 1# - ENTRADA PRINCIPAL--NOMBRE DE PERSONA |
| Nombre de persona |
Nieto Gil, Jesús María |
| Término indicativo de función/relación |
autor |
| 245 ## - MENCIÓN DEL TÍTULO |
| Título |
Auto evaluación y heteroevaluación de la práctica docente : |
| Resto del título |
la evaluación de la práctica docente por los mismos profesores / |
| Mención de responsabilidad, etc. |
Jesús María Nieto Gil |
| 250 ## - MENCION DE EDICION |
| Mención de edición |
Primera edición. |
| 264 #1 - PRODUCCIÓN, PUBLICACIÓN, DISTRIBUCIÓN, FABRICACIÓN Y COPYRIGHT |
| Producción, publicación, distribución, fabricación y copyright |
Madrid, España ; |
| Nombre del de productor, editor, distribuidor, fabricante |
Editorial CCS |
| Fecha de producción, publicación, distribución, fabricación o copyright |
2015 |
| 264 #4 - PRODUCCIÓN, PUBLICACIÓN, DISTRIBUCIÓN, FABRICACIÓN Y COPYRIGHT |
| Fecha de producción, publicación, distribución, fabricación o copyright |
©2015 |
| 300 ## - DESCRIPCIÓN FÍSICA |
| Extensión |
294 páginas ; |
| Dimensiones |
24.00 x 17.00 |
| 500 ## - NOTA GENERAL |
| Nota general |
La calidad y la adecuación de los desempeños didácticos de los profesores son muy diversas: es preciso conocer qué tipos de insuficiencias presentan los docentes para poder ajustar las respuestas formativas a las concretas necesidades de cada profesor. Se requieren diagnósticos precisos que solamente pueden ser el resultado de procesos de autoevaluación, de heteroevaluación o, preferentemente, de coevaluación. Sin la evaluación de la práctica docente, difícilmente se podrían diseñar procesos formativos dirigidos a fomentar el desarrollo profesional docente de los enseñantes. Para facilitar la práctica de ese proceso de diagnóstico, la presente obra aporta una revisión sistemática de toda la teoría sobre la evaluación de la práctica docente y ofrece concretos procedimientos e instrumentos de evaluación. Asimismo, el libro aporta sugerencias prácticas que hacen posible el diseño de nuevos instrumentos evaluativos. |
| 504 ## - NOTA DE BIBLIOGRAFÍA, ETC. |
| Nota de bibliografía, etc. |
Jesús María Nieto Gil ha sido docente en escuelas unitarias en la provincia de Palencia, y cursó la licenciatura de Filosofía y Letras en la Universidad de Valladolid (cursos comunes) y en la Universidad Complutense de Madrid (en la especialidad de Pedagogía) entre 1960 y 1965. En 1967 obtuvo plaza en las oposiciones a Inspectores de Enseñanza Primaria, trabajando como tal en los Servicios de Inspección de las provincias de Jaén y Sevilla. En el año 2000 obtuvo el grado de doctor en Pedagogía por la Universidad de Sevilla. Ha publicado una veintena de libros sobre temas educativos |
| 505 ## - NOTA DE CONTENIDO CON FORMATO |
| Información miscelánea |
1 : |
| Título |
Conceptualización de la evaluación de la práctica docente-- |
| Información miscelánea |
2 : |
| Título |
Metodología de la evaluación de la práctica docente-- |
| Información miscelánea |
3 : |
| Título |
Evaluación de las variables de entrada, de contexto y de producto-- |
| Información miscelánea |
4 : |
| Título |
Evaluación de las conductas del profesor en el aula y en el centro-- |
| Información miscelánea |
5 : |
| Título |
Evaluación de las conductas expositivas e interrogativas del docente-- |
| Información miscelánea |
6 : |
| Título |
Evaluación de la práctica docente en el aprendizaje cooperativo y por descubrimiento y de la práctica docente fuera del aula-- |
| Información miscelánea |
7 : |
| Título |
Supervisión y desarrollo profesional docente. |
| 521 ## - NOTA DE PÚBLICO DESTINATARIO |
| Nota de público destinatario |
Recomendado para un público en general. |
| 650 14 - PUNTO DE ACCESO ADICIONAL DE MATERIA--TÉRMINO DE MATERIA |
| Término de materia o nombre geográfico como elemento de entrada |
Evaulación educativa |
| 650 24 - PUNTO DE ACCESO ADICIONAL DE MATERIA--TÉRMINO DE MATERIA |
| Término de materia o nombre geográfico como elemento de entrada |
Heteroevaluación |
| 650 24 - PUNTO DE ACCESO ADICIONAL DE MATERIA--TÉRMINO DE MATERIA |
| Término de materia o nombre geográfico como elemento de entrada |
Supervisión E Inspección Educativas |
| 942 ## - ELEMENTOS DE ENTRADA SECUNDARIOS (KOHA) |
| Fuente del sistema de clasificación o colocación |
Clasificación Decimal Dewey |
| Tipo de ítem Koha |
Libros |
| Suprimir en OPAC |
No |